Normal view
MARC view
- Lincoln, Abraham,
Entry Personal Name
001 - CONTROL NUMBER
- control field: 27810
003 - CONTROL NUMBER IDENTIFIER
- control field: NUST
005 - DATE AND TIME OF LATEST TRANSACTION
- control field: 20200121152207.0
008 - FIXED-LENGTH DATA ELEMENTS
- fixed length control field: 200121|| aca||aabn | a|a d
040 ## - CATALOGING SOURCE
- Original cataloging agency: NUST
- Transcribing agency: NUST
100 ## - HEADING--PERSONAL NAME
- Personal name: Lincoln, Abraham,
- Dates associated with a name: 1809-1865.
- Title of a work: Gettysburg address.
670 ## - SOURCE DATA FOUND
- Source citation: Work cat.: (NUST)0: Boritt, G. S., 1940- 27809, The Gettysburg gospel :, c2006.
